Handbook of International Business
Na minha lista:
| Outros Autores: | |
|---|---|
| Formato: | Livro |
| Idioma: | inglês |
| Publicado em: |
New York
Wiley and Sons
1988
|
| Edição: | 2. ed. |
| Tags: |
Sem tags, seja o primeiro a adicionar uma tag!
|
MARC
| LEADER | 00000nam a2200000 4500 | ||
|---|---|---|---|
| 001 | c023607 | ||
| 005 | 20221219115930.3 | ||
| 041 | 0 | |a eng | |
| 044 | |a US | ||
| 245 | 1 | 0 | |a Handbook of International Business |c Edit. Ingo Walter |
| 250 | |a 2. ed. | ||
| 264 | 1 | |a New York |b Wiley and Sons |c 1988 | |
| 300 | |a Prer. s. | ||
| 700 | 1 | |a Walter, Ingo | |